000
00303nam a2200097Ia 4500
001
683952
005
20250826161448.0
008
250824s9999 xx 000 0 und d
245
0
_a
GENETİĞİYLE OYNANMIŞ KAVRAMLAR VE AİLE MEDENİYETİNİN SONU
_c
SAFFET KÖSE
260
_b
SELÇUKLU BELEDİYESİ YAYINLARI
999
_c
683952
_d
683952